000 00890nam a2200253 a 4500
001 000015015
003 DO-SdBNP
005 20240229073954.0
008 100129s2004 dr b 000 0 spa d
020 _a9993427063
040 _aDO-SdBNP
_bspa
_cBNPHU
049 _aBNPD
082 4 _a972.9365
_bV422b
_222
100 1 _aVega, Bernardo,
_d1938 -
_93222
245 1 0 _aBreve historia de Samaná = breve histoire de Samaná /
_cBernardo Vega.
246 1 0 _aBreve histoire de Samaná
260 _aSanto Domingo :
_bFundación Cultural Dominicana,
_c2004.
300 _a63 p. :
_bmap. ;
_c22 cm.
500 _aIncluye datos biográficos del autor en la contracubierta
650 4 _aCiudades y pueblos
_zRepública Dominicana
_9784
651 4 _aSanta Bárbara de Samaná (República Dominicana)
_xHistoria local
_913085
910 _aValidado. Control de calidad MFF
942 _2ddc
_cLBS1
999 _c14588
_d14588